000 00283nam a22001337a 4500
008 170301b xxu||||| |||| 00| 0 eng d
020 _a044308713X
041 _aeng
080 _a61
100 _a6
101 _aSHM
245 _aVASCULAR ANESTHESIA
_cKAPLAN, J.A
942 _2udc
_cBK
999 _c6499
_d6499